đź“– 150 premiers mots "Les sept soeurs" (Les 7 soeurs T.1) Riley - Statistiques

Statistiques générales
  • Ce quiz a Ă©tĂ© pris 25 fois
  • Le rĂ©sultat moyen est 86 sur 150
Statistiques - réponses
Mots % Correct
Ă 
100%
a
100%
- AllĂ´,
100%
m'
100%
Ma,
100%
ma
100%
- Maia, ...
100%
Marina.
100%
Pénélope'
100%
ai
95%
c'
95%
d'
95%
D'
95%
et
95%
j'
95%
J'
95%
Jenny,
95%
l'
95%
'L'
95%
Londres,
95%
un
95%
de
90%
ça
86%
en
86%
était
86%
Je
86%
je
86%
la
86%
me
86%
Odyssée
86%
père
86%
une
86%
mon
81%
qu'
81%
ce
76%
oĂą
76%
que
76%
que,
76%
amie
71%
étais
71%
les
71%
va ?
71%
endroit
67%
quand
67%
trouvais
67%
appris
62%
chez
62%
elle
62%
qui
62%
son
62%
dans
57%
faisais
57%
pour
57%
du
52%
toujours
52%
souviendrai
48%
coup
43%
vu
43%
école,
38%
ĂŞtre
38%
mourir.
38%
sur
38%
train
38%
petit
33%
ses
33%
venait
33%
vieille
33%
jardin,
29%
œil
29%
voix,
29%
aussi
24%
jours
24%
sonné.
24%
belle
19%
juin,
19%
portable
19%
profitais
19%
quelques
19%
soleil
19%
écran,
14%
espérais
14%
exemplaire
14%
garçon
14%
joli
14%
pendant
14%
chercher
10%
crèche.
10%
genoux,
10%
lorsque
10%
passer
10%
vacances
10%
assise
5%
entendrait
5%
heureuse
5%
ici.
5%
ouvert
5%
sentais
5%
admirer
0%
allée
0%
bourgeons
0%
boutons
0%
calme,
0%
chaleur
0%
clématite
0%
couleurs,
0%
dépliait
0%
donnant
0%
échappée
0%
estivale.
0%
fragiles
0%
naissance
0%
roses,
0%
tumulte
0%
Aucun quiz correspondant
Distribution des résultats
% des personnes avec chaque résultat
Percentile par nombre de réponses
Votre historique - résultats
Vous n’avez pas pris ce quiz